Understanding biology. (Record no. 97018)
[ view plain ]
| 000 -LEADER | |
|---|---|
| fixed length control field | 00623cam4a220022900 4500 |
| 001 - CONTROL NUMBER | |
| control field | tmp15759615 |
| 003 - CONTROL NUMBER IDENTIFIER | |
| control field | UPRA |
| 005 - DATE AND TIME OF LATEST TRANSACTION | |
| control field | 20190819092432.0 |
| 008 - FIXED-LENGTH DATA ELEMENTS--GENERAL INFORMATION | |
| fixed length control field | 951023n xx eng u |
| 020 ## - INTERNATIONAL STANDARD BOOK NUMBER | |
| International Standard Book Number | 0155927019 |
| 035 ## - SYSTEM CONTROL NUMBER | |
| System control number | (Sirsi) r42323 |
| 035 ## - SYSTEM CONTROL NUMBER | |
| System control number | (UPRA)tmp15759615 |
| 040 ## - CATALOGING SOURCE | |
| Transcribing agency | UPRA |
| 100 1# - MAIN ENTRY--PERSONAL NAME | |
| Personal name | Gultman, Burton S. |
| Linkage | A102474.1 |
| 245 10 - TITLE STATEMENT | |
| Title | Understanding biology. |
| 260 ## - PUBLICATION, DISTRIBUTION, ETC. | |
| Place of publication, distribution, etc. | [s.l.]: |
| Name of publisher, distributor, etc. | HarBraceJ, |
| Date of publication, distribution, etc. | 1983. |
| 350 ## - PRICE (NR) (BK AM CF MU VM SE) [OBSOLETE] | |
| Price | 25 |
| 504 ## - BIBLIOGRAPHY, ETC. NOTE | |
| Bibliography, etc. note | Includes bibliographical references and index |
| 650 #0 - SUBJECT ADDED ENTRY--TOPICAL TERM | |
| Topical term or geographic name entry element | Biology |
| Linkage | S245.1 |
| 949 ## - LOCAL PROCESSING INFORMATION (OCLC) | |
| a | QH308.7 |
| w | lcc |
| i | 33729000460506 |
| m | MAIN |
| p | 2500 |
| t | BOOK |
| l | ON-SHELF |
No items available.